Counting Leopard's spots and other animal stories / (Record no. 1610)

MARC details
000 -LEADER
fixed length control field 01024nam a22003017a 4500
005 - DATE AND TIME OF LATEST TRANSACTION
control field 20230911125820.0
020 ## - INTERNATIONAL STANDARD BOOK NUMBER
International Standard Book Number 9781888444315
040 ## - CATALOGING SOURCE
Original cataloging agency DLC
Transcribing agency DLC
Modifying agency DLC
Language of cataloging eng
050 00 - LIBRARY OF CONGRESS CALL NUMBER
Classification number PZ7.O624
Item number Co 1998
082 00 - DEWEY DECIMAL CLASSIFICATION NUMBER
Classification number 398.2
Edition number 21
100 1# - MAIN ENTRY--PERSONAL NAME
Personal name Oram, Hiawyn.
245 10 - TITLE STATEMENT
Title Counting Leopard's spots and other animal stories /
Statement of responsibility, etc. retold by Hiawyn Oram ; illustrated by Tim Warnes.
250 ## - EDITION STATEMENT
Edition statement 1st American ed.
260 ## - PUBLICATION, DISTRIBUTION, ETC.
Place of publication, distribution, etc. Waukesha :
Name of publisher, distributor, etc. Little Tiger Press,
Date of publication, distribution, etc. 1998.
300 ## - PHYSICAL DESCRIPTION
Extent 96 pages :
Other physical details color illustrations,
Dimensions 28 cm.
500 ## - GENERAL NOTE
General note "Originally published in Great Britain, 1996, by Orchard Books, London"--page facing t.p.
505 ## - FORMATTED CONTENTS NOTE
Formatted contents note K
520 ## - SUMMARY, ETC.
Summary, etc. A collection of folktales from Africa, introducing a wide variety of animals.
521 ## - TARGET AUDIENCE NOTE
Target audience note 610 <br/>
Source Lexile
521 ## - TARGET AUDIENCE NOTE
Target audience note K <br/>
Source Raz-Plus
650 #0 - SUBJECT ADDED ENTRY--TOPICAL TERM
Topical term or geographic name entry element Tales
Geographic subdivision Africa.
650 #1 - SUBJECT ADDED ENTRY--TOPICAL TERM
Topical term or geographic name entry element Folklore
Geographic subdivision Africa.
650 #1 - SUBJECT ADDED ENTRY--TOPICAL TERM
Topical term or geographic name entry element Animals
General subdivision Folklore.
700 1# - ADDED ENTRY--PERSONAL NAME
Personal name Warnes, Tim
Relator term illustrator
906 ## - LOCAL DATA ELEMENT F, LDF (RLIN)
a 7
b cbc
c orignew
d 1
e ocip
f 19
g y-gencatlg
942 ## - ADDED ENTRY ELEMENTS (KOHA)
Source of classification or shelving scheme Dewey Decimal Classification
Koha item type Books
Suppress in OPAC No
999 ## -
-- 1610
-- 1610
Holdings
Withdrawn status Lost status Source of classification or shelving scheme Damaged status Not for loan Collection Home library Current library Shelving location Date acquired Total Checkouts Full call number Barcode Date last seen Date last checked out Price effective from Koha item type
    Dewey Decimal Classification     Juvenile Fiction Footprints International School Library Network Toul Kork Campus Footprints International School Library Network Toul Kork Campus TK Primary Library Room(4th Floor), Bookcase 3&4, Shelves 17-32, Yellow Books 09/11/2023 2 ORA 398.2 PZ7.O624 2023-0557 11/02/2023 10/26/2023 09/11/2023 Books